Nghiên cứu cơ sở khoa học và công nghệ quản lý bổ sung tầng chứa nước tại Việt Nam

Thư mục: tr. 407-424; Giới thiệu cơ sở khoa học về quản lý bổ sung tầng chứa nước. Trình bày các công nghệ khảo sát và hệ phương pháp quản lý bổ sung tầng chứa nước. Giới thiệu kết quả áp dụng quy trình quản lý bổ sung tầng chứa nươ...

Descripción completa

Guardado en:
Detalles Bibliográficos
Autor principal: Nguyễn, Thị Kim Thoa
Otros Autores: Phan, Thị Kim Văn
Formato: Libro
Lenguaje:Undetermined
Publicado: H. Khoa học tự nhiên và công nghệ 2010
Materias:
Acceso en línea:http://lrc.tdmu.edu.vn/opac/search/detail.asp?aID=2&ID=41773
Etiquetas: Agregar Etiqueta
Sin Etiquetas, Sea el primero en etiquetar este registro!
Thư viện lưu trữ: Trung tâm Học liệu Trường Đại học Thủ Dầu Một
LEADER 01518nam a2200217Ia 4500
001 TDMU_41773
008 210410s9999 xx 000 0 und d
082 |a 428.2 
090 |b NG527 
100 |a Nguyễn, Thị Kim Thoa 
245 0 |a Nghiên cứu cơ sở khoa học và công nghệ quản lý bổ sung tầng chứa nước tại Việt Nam 
245 0 |c Nguyễn Thị Kim Thoa chủ biên...[và những người khác] 
260 |a H. 
260 |b Khoa học tự nhiên và công nghệ 
260 |c 2010 
300 |a 432tr. 
520 |a Thư mục: tr. 407-424; Giới thiệu cơ sở khoa học về quản lý bổ sung tầng chứa nước. Trình bày các công nghệ khảo sát và hệ phương pháp quản lý bổ sung tầng chứa nước. Giới thiệu kết quả áp dụng quy trình quản lý bổ sung tầng chứa nước tại Bắc Bình (Bình Thuận) và xây dựng công trình thử nghiệm quản lý bổ sung tầng chứa nước tại Bàu Nổi. Nêu lên giải pháp quản lý bổ sung tầng chứa nước tại ven sông Hồng, khu vực Hà Nội 
650 |a Tài nguyên nước  |x Quản lý  |x Bổ sung 
700 |a Phan, Thị Kim Văn 
856 |u http://lrc.tdmu.edu.vn/opac/search/detail.asp?aID=2&ID=41773 
980 |a Trung tâm Học liệu Trường Đại học Thủ Dầu Một